header

Dune (Record no. 256714)

MARC details
000 -LEADER
fixed length control field 00325nam a22001457a 4500
003 - CONTROL NUMBER IDENTIFIER
control field OSt
005 - DATE AND TIME OF LATEST TRANSACTION
control field 20180220141853.0
008 - FIXED-LENGTH DATA ELEMENTS--GENERAL INFORMATION
fixed length control field 180220b xxu||||| |||| 00| 0 eng d
020 ## - INTERNATIONAL STANDARD BOOK NUMBER
International Standard Book Number 978-0-441-17271-9
040 ## - CATALOGING SOURCE
Transcribing agency N/a
100 ## - MAIN ENTRY--PERSONAL NAME
Personal name Frank Herbert
245 ## - TITLE STATEMENT
Title Dune
260 ## - PUBLICATION, DISTRIBUTION, ETC. (IMPRINT)
Place of publication, distribution, etc USA
Name of publisher, distributor, etc Penguin group
Date of publication, distribution, etc 1965
942 ## - ADDED ENTRY ELEMENTS (KOHA)
Source of classification or shelving scheme Library of Congress Classification
Koha item type Long Loan Books

No items available.

© 2026 Rongo University
Contact us: librarian | system librarian | Rongo university